| 000 | 01212 a2200157 4500 | ||
|---|---|---|---|
| 003 | Nust | ||
| 005 | 20170207154115.0 | ||
| 040 | _cNust | ||
| 082 | _a954.94 | ||
| 100 | _aSamuel Greenwood | ||
| 245 | _aFootsteps of Israel | ||
| 260 |
_aBoston _bA. A. Beauchamp _c1922 |
||
| 300 | _axii: 346 | ||
| 500 | _aParadise Lost or the Dream Mate (Page-1) The Woman and The Serpent (Page-14) The Early morning of History (Page-22) The Rise of Israel (Page-30) The Meaning of Israel (Page-41) Joseph and Judah (Page-51) From Hereby to the red Asia (Page-62) The Convents in the wilderness (Page-75) Proving the world of the Lord (Page-88) The Perils of Disobedience (Page-122) The Coming of Prophets and Kings (Page-133) A House Divided (Page-154) The Times of the Gentiles (Page-175) The Convent of Prophecy (Page-185) The Rise Of Christianity (Page-208) The Woman driven to the Wilderness (Page-219) Emerging from Obscurity (Page-232) The Hebrew Scriptures (Page-243) Israel Restoration in Prophecy (Page-251) At The Threshold of fulfillments (Page-263) Anglo Israel The Second Witness (Page-275) A Light to Lighten the Gentiles (Page-329) Paradise Regained or the dream Dis (Page-336) | ||
| 538 | _aAlmirah No.63 Shelf No.3 | ||
| 942 |
_2ddc _cBK |
||
| 999 |
_c194059 _d194059 |
||